<?xml version="1.0" encoding="UTF-8"?>
<record
    xmlns:xsi="http://www.w3.org/2001/XMLSchema-instance"
    xsi:schemaLocation="http://www.loc.gov/MARC21/slim http://www.loc.gov/standards/marcxml/schema/MARC21slim.xsd"
    xmlns="http://www.loc.gov/MARC21/slim">

  <leader>03533nam a2200349 a 4500</leader>
  <controlfield tag="003">OSt</controlfield>
  <controlfield tag="005">20240913114015.0</controlfield>
  <controlfield tag="007">cr ||||||a|c|a</controlfield>
  <controlfield tag="008">240912b        |||||||| |||| 00| 0 eng d</controlfield>
  <datafield tag="040" ind1=" " ind2=" ">
    <subfield code="e">rda</subfield>
  </datafield>
  <datafield tag="100" ind1="1" ind2=" ">
    <subfield code="a">Cabrera Fonseca, Pablo Francisco</subfield>
    <subfield code="9">189598</subfield>
  </datafield>
  <datafield tag="245" ind1="1" ind2="0">
    <subfield code="a">Modelos matem&#xE1;ticos que describen el comportamiento de los componentes morfol&#xF3;gicos de la avena sativa L. variedad turquesa /</subfield>
    <subfield code="c">por Pablo Francisco Cabrera Fonseca y Claudia Gabriela Espronceda V&#xE1;zquez; director de tesis Sergio Ib&#xE1;n Mendoza Pedroza; secretario Pablo Alfredo Dom&#xED;nguez Mart&#xED;nez; vocal Fernando Gonz&#xE1;lez Cer&#xF3;n; suplente Jos&#xE9; Isidro Alejo de la Fuente; suplente Jos&#xE9; Melquiades Monz&#xF3;n Armenta.</subfield>
  </datafield>
  <datafield tag="264" ind1=" " ind2="1">
    <subfield code="a">Chapingo, M&#xE9;xico :</subfield>
    <subfield code="b">El autor,</subfield>
    <subfield code="c">2024.</subfield>
  </datafield>
  <datafield tag="300" ind1=" " ind2=" ">
    <subfield code="a">1 recurso en l&#xED;nea (53 p&#xE1;ginas):</subfield>
    <subfield code="b">cuadros, figuras.</subfield>
  </datafield>
  <datafield tag="336" ind1=" " ind2=" ">
    <subfield code="2">rdacontent</subfield>
    <subfield code="a">texto</subfield>
    <subfield code="b">txt</subfield>
  </datafield>
  <datafield tag="337" ind1=" " ind2=" ">
    <subfield code="2">rdamedia</subfield>
    <subfield code="a">computadora</subfield>
    <subfield code="b">c</subfield>
  </datafield>
  <datafield tag="338" ind1=" " ind2=" ">
    <subfield code="2">rdacarrier</subfield>
    <subfield code="a">recurso en l&#xED;nea</subfield>
    <subfield code="b">cr</subfield>
  </datafield>
  <datafield tag="502" ind1=" " ind2=" ">
    <subfield code="b">IAEZ</subfield>
    <subfield code="c">Zootecn&#xED;a</subfield>
    <subfield code="d">2024.</subfield>
    <subfield code="g">LIC</subfield>
  </datafield>
  <datafield tag="504" ind1=" " ind2=" ">
    <subfield code="a">Incluye referencias bibliogr&#xE1;ficas: p&#xE1;ginas 35-42.</subfield>
  </datafield>
  <datafield tag="520" ind1=" " ind2=" ">
    <subfield code="a">El objetivo principal de este estudio fue encontrar modelos matem&#xE1;ticos que pudiesen predecir la acumulaci&#xF3;n de materia seca total (MST) y por componente morfol&#xF3;gico en el cultivo de Avena sativa L. espec&#xED;ficamente en la variedad Turquesa. Para lograr este objetivo, se llev&#xF3; a cabo un dise&#xF1;o experimental en el cual, se contrastaron los datos de la acumulaci&#xF3;n de MST y la materia seca (MS) de cada componente morfol&#xF3;gico, en funci&#xF3;n de los d&#xED;as despu&#xE9;s de la siembra, altura de la planta, altura comprimida y radiaci&#xF3;n interceptada. Se utiliz&#xF3; un dise&#xF1;o experimental de bloques completos al azar con tres repeticiones. Se prepar&#xF3; el terreno para el cultivo y se realiz&#xF3; la siembra utilizando semilla pura y germinable de Avena sativa L. variedad Turquesa aplicando 40-40-00 kg de N-P-K y 40 kg de Nitr&#xF3;geno (N) a los 45 d&#xED;as despu&#xE9;s de la siembra (DDS). Se monitore&#xF3; cada 15 d&#xED;as la altura de la planta, la altura comprimida y la radiaci&#xF3;n fotosint&#xE9;tica interceptada, para poder modelar la acumulaci&#xF3;n de MST y la de la MS de los componentes morfol&#xF3;gicos. Los resultados obtenidos revelaron distintos tipos de modelos matem&#xE1;ticos que explican la acumulaci&#xF3;n de MST y MS en hojas, tallo y material senescente. Se encontr&#xF3; que la acumulaci&#xF3;n de MST mostraba un comportamiento lineal en relaci&#xF3;n con los DDS y la altura comprimida, pero log&#xED;stico en relaci&#xF3;n con la altura sin comprimir, as&#xED; mismo se observaron relaciones sigmoides entre la acumulaci&#xF3;n de MS en hojas y tallos en relaci&#xF3;n con lo DDS y la radiaci&#xF3;n interceptada, sin embargo, el comportamiento de la acumulaci&#xF3;n de MS del material senescente bajo estos mismos criterios fue lineal.</subfield>
  </datafield>
  <datafield tag="650" ind1=" " ind2="7">
    <subfield code="a">Avena sativa</subfield>
    <subfield code="z">Modelos matem&#xE1;ticos</subfield>
    <subfield code="9">189600</subfield>
  </datafield>
  <datafield tag="650" ind1=" " ind2="7">
    <subfield code="a">Avena</subfield>
    <subfield code="x">Crecimiento</subfield>
    <subfield code="9">188724</subfield>
  </datafield>
  <datafield tag="650" ind1=" " ind2="7">
    <subfield code="a">Materia seca</subfield>
    <subfield code="x">Determinaci&#xF3;n</subfield>
    <subfield code="9">72934</subfield>
  </datafield>
  <datafield tag="700" ind1="1" ind2=" ">
    <subfield code="a">Espronceda V&#xE1;zquez, Claudia Gabriela</subfield>
    <subfield code="9">189599</subfield>
  </datafield>
  <datafield tag="700" ind1="0" ind2=" ">
    <subfield code="a">Mendoza Pedroza, Sergio Ib&#xE1;n</subfield>
    <subfield code="9">74719</subfield>
    <subfield code="e">Director de tesis.</subfield>
  </datafield>
  <datafield tag="700" ind1="1" ind2=" ">
    <subfield code="a">Dom&#xED;nguez Mart&#xED;nez, Pablo Alfredo</subfield>
    <subfield code="9">33846</subfield>
    <subfield code="e">Secretario.</subfield>
  </datafield>
  <datafield tag="700" ind1="0" ind2=" ">
    <subfield code="a">Gonz&#xE1;lez Cer&#xF3;n, Fernando</subfield>
    <subfield code="9">48783</subfield>
    <subfield code="e">Vocal.</subfield>
  </datafield>
  <datafield tag="700" ind1="0" ind2=" ">
    <subfield code="a">Alejos de la Fuente, Jos&#xE9; Isidro</subfield>
    <subfield code="9">3759</subfield>
    <subfield code="e">Suplente.</subfield>
  </datafield>
  <datafield tag="700" ind1="0" ind2=" ">
    <subfield code="a">Monz&#xF3;n Armenta, Jos&#xE9; Melquiades</subfield>
    <subfield code="9">78028</subfield>
    <subfield code="e">Suplente.</subfield>
  </datafield>
  <datafield tag="856" ind1=" " ind2=" ">
    <subfield code="u">http://10.13.5.2/tesis/tl/1810289-6_Y_1610696-7_CABRERA_FONSECA_PABLOFRANCISCO_Y_ESPRONCEDA_VAZQUEZ_CLAUDIAGABRIELA.pdf</subfield>
    <subfield code="z">DESCARGAR PDF</subfield>
  </datafield>
  <datafield tag="942" ind1=" " ind2=" ">
    <subfield code="2">Clasificaci&#xF3;n Universidad Aut&#xF3;noma Chapingo</subfield>
    <subfield code="c">TD</subfield>
  </datafield>
  <datafield tag="999" ind1=" " ind2=" ">
    <subfield code="c">220162</subfield>
    <subfield code="d">220162</subfield>
  </datafield>
  <datafield tag="952" ind1=" " ind2=" ">
    <subfield code="0">0</subfield>
    <subfield code="1">0</subfield>
    <subfield code="2">local</subfield>
    <subfield code="4">0</subfield>
    <subfield code="5">1</subfield>
    <subfield code="7">0</subfield>
    <subfield code="8">TesDigL</subfield>
    <subfield code="a">BD</subfield>
    <subfield code="b">BD</subfield>
    <subfield code="c">E_L</subfield>
    <subfield code="d">2024-09-12</subfield>
    <subfield code="l">0</subfield>
    <subfield code="o">Tesis digital</subfield>
    <subfield code="r">2024-09-12 14:37:28</subfield>
    <subfield code="w">2024-09-12</subfield>
    <subfield code="y">TD</subfield>
  </datafield>
</record>
